| 000 | 01119nam a22002537a 4500 | ||
|---|---|---|---|
| 005 | 20170124102939.0 | ||
| 010 | _aB-246763 | ||
| 020 | _c150.00 | ||
| 035 | _aB-246763 | ||
| 037 | _bCen Lib/Ret | ||
| 040 |
_aDPL _bHN |
||
| 082 |
_a827 _bव्यासभ |
||
| 100 |
_aव्यास, भगवतीलाल _948044 |
||
| 245 |
_aमुस्कराते व्यंग्य / _cभगवतीलाल व्यास |
||
| 246 |
_aMuskarate vyangya / _bby Bhagwantilal Vyas |
||
| 260 |
_aजोधपुर _bनवभारत प्रकाशन _c2006 |
||
| 270 |
_aमाकन नं. 9 महाराजा दिलीपसिंह कॉलोनी पी. डब्लू. डी. रोड _bजोधपुर |
||
| 300 |
_a128पृ. _c22सेमी (सजिल्द) |
||
| 650 |
_aहिन्दी साहित्य _948045 |
||
| 650 |
_aहिन्दी साहित्य--कहानिया _946379 |
||
| 650 |
_aHindi Literature _948046 |
||
| 650 |
_aHindi Literature--Stories _948047 |
||
| 942 |
_2ddc _cHN _h827 _mव्यासभ |
||
| 999 |
_c112494 _d112494 |
||